1378 1025 1334 1182 1151 1815 1031 1981 1059 1297 1503 1200 1902 1541 1499 1465 1593 1763 1148 1859 1176 1165 1772 1468 1061 1812 1877 1380 1113 1832 1703 1488 1787 1223 1195 1236 1756 1579 1547 1358 1812 1172 1182 1467 1473 1908 1596 1472 1646 1319 1777 1213 1957 1059 1839 1111 1588 1339 1837 1065 1106 1486 1368 1085 1653 1856 1960 1963 1862 1419 1439 1351 1815 1796 1497 1962 1834 1305 1405 1215 1796 1488 1140 1671 1472 1702 1621 1938 1744 1087 1595 1845 1496 1629 1541 1959 1916 1091 1897 BCNSPRNW ULIB Ver.6.0+V

เปลี่ยนเป็นภาษาไทย

Change to English
 แสดงรายละเอียดบรรณานุกรม
  กลับหน้าหลัก

Brief Record : Get Marc (ISO 2709) : E-mail record : QR code < ปิดหน้าต่าง
LEADER : 00000nam 2200000uu 4500
001    13399123648
003     ULIB
008    141030s2555||||th 000 0 tha d
020    ^a9789741116119
060  4 ^aWA400^bว582ค
100    ^aวิทยา อยู่สุข
245    ^aความปลอดภัยในการประกอบอาชีพ^b= Occupational Safety/^cวิทยา อยู่สุข
250    ^aพิมพ์ครั้งที่ 1
260    ^aกรุงเทพฯ :^bเบสท์ กราฟฟิค เพรส,^c2555
300    ^a536 หน้า;^b24.5 ซม.
650    ^aความปลอดภัย
650    ^aอุตสาหกรรม^xความปลอดภัย
650    ^aอาชีพ^xความปลอดภัย
945    ^p0^l0^i036492
945    ^p0^l0^i036493
945    ^p0^l0^i036494
945    ^p0^l0^i036495
945    ^p0^l0^i036496
999    ^aทศพร เกษรทอง
รายการนี้ยังไม่มีแท็ก
คุณยังไม่ได้ล็อกอิน คุณสามารถมีกิจกรรมร่วมกับเว็บไซต์ได้ แต่ต้องล็อกอินก่อน ::
  ล็อกอิน

รายการสื่อสารสนเทศ

ลำดับที่ ประเภท เลขเรียก/บาร์โค้ด สถานที่ สถานะ
1. วิทยาศาสตร์การแพทย์ และสุขภาพ
หนังสือสำรอง
สถานะ=หนังสือสำรอง
WA400 ว582ค ฉ.1 
  Barcode: 036492
ห้องสมุดวิทยาเขตสวรรค์ประชารักษ์
►ส่วนจัดเก็บหนังสือเก่า สปร
บนชั้น
  ขอยืม
2. วิทยาศาสตร์การแพทย์ และสุขภาพ
วิทยาศาสตร์การแพทย์ และสุขภาพ
WA400 ว582ค ฉ.2 
  Barcode: 036493
ห้องสมุดวิทยาเขตสวรรค์ประชารักษ์
►ส่วนจัดเก็บหนังสือเก่า สปร
บนชั้น
  ขอยืม
3. วิทยาศาสตร์การแพทย์ และสุขภาพ
วิทยาศาสตร์การแพทย์ และสุขภาพ
WA400 ว582ค ฉ.3 
  Barcode: 036494
ห้องสมุดวิทยาเขตสวรรค์ประชารักษ์
►ส่วนจัดเก็บหนังสือเก่า สปร
บนชั้น
  ขอยืม
4. วิทยาศาสตร์การแพทย์ และสุขภาพ
วิทยาศาสตร์การแพทย์ และสุขภาพ
WA400 ว582ค ฉ.4 
  Barcode: 036495
ห้องสมุดวิทยาเขตสวรรค์ประชารักษ์
►ส่วนจัดเก็บหนังสือเก่า สปร
บนชั้น
  ขอยืม
5. วิทยาศาสตร์การแพทย์ และสุขภาพ
วิทยาศาสตร์การแพทย์ และสุขภาพ
WA400 ว582ค ฉ.5 
  Barcode: 036496
ห้องสมุดวิทยาเขตสวรรค์ประชารักษ์
►ส่วนจัดเก็บหนังสือเก่า สปร
บนชั้น
  ขอยืม

รายการใกล้เคียง
    ผู้แต่ง [วิทยา อยู่สุข]

    หัวเรื่อง [ความปลอดภัย]

BibComment


ยังไม่เคยถูกคอมเมนท์

คอมเมนท์ทรัพยากรรายการนี้
  คอมเมนท์: ความปลอดภัยในการ..


 Copyright 2026. Bcnsprnw @Library